000
00290nam a22001337a 4500
008
190226b xxu||||| |||| 00| 0 eng d
020
_a
9780415548151
041
_a
eng
080
_a
574
100
_a
9
101
_a
MJE
245
_a
Global Political Ecology
_c
Peet, R
942
_2
udc
_c
BK
999
_c
54317
_d
54317